Normal view
MARC view
Entry Topical Term
001 - CONTROL NUMBER
- control field: 52371
003 - CONTROL NUMBER IDENTIFIER
- control field: ARRUPE
005 - DATE AND TIME OF LATEST TRANSACTION
- control field: 20240206083354.0
008 - FIXED-LENGTH DATA ELEMENTS
- fixed length control field: 240206|| aca||aabn | a|a d
040 ## - CATALOGING SOURCE
- Original cataloging agency: ARRUPE
- Transcribing agency: ARRUPE
150 ## - HEADING--TOPICAL TERM
- Topical term or geographic name as entry element: Vice-Presidents
- Geographic subdivision: Zimbabwe
- Form subdivision: Biography
670 ## - SOURCE DATA FOUND
- Source citation: Work cat.: (ARRUPE)131766: Nkomo, Joshua. 22177, Nkomo, the story of my life., 1984.